| 000 | 00902nam a2200205Ia 4500 | ||
|---|---|---|---|
| 001 | 11376 | ||
| 003 | GE_BSU | ||
| 008 | 181216s||||||||xx |||||||||||||| ||und|| | ||
| 040 | _cGE_BSU | ||
| 080 | _a581.9(479.22) | ||
| 245 | _aსაქართველოს ფლორა IX | ||
| 245 | _cშემდგ. რ. გაგნიძე, მ. დავლიანიძე, მ. ერისთავი და სხვ. მთ რედ: ნ. კეცხოველი, პ/მგ რედ: რ. გაგნიძე, ტომის რედ: ი. ლაჩაშვილი, ი. მანდენოვა, შ. ქუთათელაძე | ||
| 260 | _aთბილისი. | ||
| 260 | _bმეცნიერება. | ||
| 260 | _c1984 | ||
| 300 | _a342გვ.26სმ. | ||
| 300 | _eილ. | ||
| 653 | _aსაქართველოს ფლორა IX | ||
| 942 | _cBK | ||
| 999 |
_c44573 _d44573 |
||